|
|
|
|
| LEADER |
01214nam a2200361 4500 |
| 001 |
9781789732931 |
| 003 |
UtOrBLW |
| 005 |
20191015135049.0 |
| 006 |
m o d |
| 007 |
cr un||||||||| |
| 008 |
191018t20192019enk o 000 0 eng d |
| 020 |
|
|
|a 9781789732931 (ebook)
|
| 040 |
|
|
|a UtOrBLW
|b eng
|e rda
|c UtOrBLW
|d GrThAP
|
| 050 |
|
4 |
|a HJ2305
|b .A38 2019
|
| 072 |
|
7 |
|a BUS064000
|2 bisacsh
|
| 072 |
|
7 |
|a KFFD1
|2 bicssc
|
| 080 |
|
|
|a 336.2
|
| 082 |
0 |
4 |
|a 336.2
|2 23
|
| 245 |
0 |
0 |
|a Advances in taxation.
|n Vol. 26 /
|c edited by John Hasseldine.
|
| 264 |
|
1 |
|a Bingley, U.K. :
|b Emerald Publishing Limited,
|c 2019.
|
| 264 |
|
4 |
|c ©2019
|
| 300 |
|
|
|a 1 online resource (xiv, 148 pages) ;
|c cm.
|
| 336 |
|
|
|a text
|b txt
|2 rdacontent
|
| 337 |
|
|
|a computer
|b c
|2 rdamedia
|
| 338 |
|
|
|a online resource
|b cr
|2 rdacarrier
|
| 490 |
0 |
|
|a Advances in taxation,
|x 1058-7497 ;
|v volume 26
|
| 588 |
0 |
|
|a Print version record.
|
| 650 |
|
0 |
|a Taxation.
|
| 650 |
|
0 |
|a Finance, Public.
|
| 650 |
|
7 |
|a Business & Economics, Taxation
|x General.
|2 bisacsh
|
| 650 |
|
7 |
|a Taxation.
|2 bicssc
|
| 700 |
1 |
|
|a Hasseldine, John,
|e editor.
|
| 856 |
4 |
0 |
|u https://www.emerald.com/insight/publication/doi/10.1108/S1058-7497201926
|z Full Text via HEAL-Link
|